000 00365nam a2200157Ia 4500
008 230524s9999 xx 000 0 und d
082 _a406
_bSWA
100 _aMichael Swan
245 0 _aBasic English Usage
250 _a1ST
260 _aNEW DELHI
_bOxford Pub
_c2004
300 _aVII;370
500 _aQuantity Number: 2
650 _aEnglish
942 _cBK
999 _c34280
_d34280